| 000 | 00494nam a2200169Ia 4500 | ||
|---|---|---|---|
| 003 | OSt | ||
| 005 | 20260310113813.0 | ||
| 008 | 211028s2012 xx 000 0 und d | ||
| 040 | _cAIMIT LIBRARY | ||
| 041 | _aeng | ||
| 100 |
_aN, Pramod; S, Ruban. _g91718 _93627 |
||
| 110 |
_aAravinda Prabhu. _93628 |
||
| 245 | _aLearners registration and activation process through e-mail authentication / | ||
| 260 |
_aMangalore _c2012 |
||
| 710 |
_aSprint Technologies Pvt Ltd _93629 |
||
| 942 |
_2ddc _cPRO |
||
| 999 |
_c217296 _d217296 |
||